[Event "Chinese Chess League 2019"]
[Site "Shen Yang"]
[Date "2019.12.06"]
[Round "21.26"]
[White "Xu, Minghui"]
[Black "Li, Di"]
[Result "1/2-1/2"]
[WhiteElo "2403"]
[BlackElo "2538"]
[Annotator "TA"]
[PlyCount "61"]
[EventDate "2019.04.09"]
[EventType "team-tourn"]
[EventCountry "CHN"]
[SourceTitle "playchess.com"]
[Source "ChessBase"]
[SourceQuality "1"]

{[%evp 14,61,15,14,22,17,19,17,21,35,23,25,25,25,25,18,27,20,29,34,28,31,37,33,33,29,42,14,12,0,0,0,8,6,5,5,5,-6,0,0,0,0,0,0,5,0,4,0,0,2]} 1. d4 Nf6 2. c4 e6 3. Nc3 d5 4. Bg5 Be7 5. e3 Nbd7 6. Nf3 O-O 7. Rc1 h6 8. Bh4 c5 {D63: Queen's Gambit Declined: Classical: 7 Rc1} 9. dxc5 Nxc5 10. cxd5 g5 11. Bg3 {[#] aiming for d6.} Nxd5 12. Nxd5 Qxd5 13. Qxd5 exd5 14. Be2 Bd7 15. O-O $146 ({Predecessor:} 15. Be5 Rac8 {0-1 (44) Li,D (2450)-Yu,Y (2759) Tianjin 2018}) 15... Rac8 16. Be5 f6 17. Bd4 a6 18. Rfd1 Ne4 19. Ne1 Kf7 20. f3 {[#] Rxc8 is the strong threat.} Nd6 {The position is equal.} 21. Bc5 Be6 22. b3 Rc6 23. Ba3 Rfc8 24. Rxc6 Rxc6 25. Rc1 Rxc1 26. Bxc1 Bf5 27. Bd3 h5 28. Kf2 h4 29. g4 hxg3+ 30. hxg3 Bd7 31. g4 {Accuracy: White = 75%, Black = 66%.} 1/2-1/2

[Event "Chinese Chess League 2019"]
[Site "Shen Yang"]
[Date "2019.12.06"]
[Round "21.27"]
[White "Zvjaginsev, Vadim"]
[Black "Xu, Xiangyu"]
[Result "1/2-1/2"]
[WhiteElo "2626"]
[BlackElo "2583"]
[Annotator "TA"]
[PlyCount "29"]
[EventDate "2019.04.09"]
[EventType "team-tourn"]
[EventCountry "CHN"]
[SourceTitle "playchess.com"]
[Source "ChessBase"]
[SourceQuality "1"]

{[%evp 13,29,10,27,8,15,0,0,0,0,0,4,8,8,0,0,0,11,0]} 1. Nf3 Nf6 2. c4 g6 3. Nc3 d5 4. cxd5 Nxd5 5. e4 Nxc3 6. dxc3 Qxd1+ 7. Kxd1 f6 8. Bc4 {A16: English Opening: 1...Nf6 with ...d5} (8. Be3 e5 9. Nd2 Nd7 10. Nb3 h5 11. f3 Nb6 12. Kc2 Bd7 13. Nc5 Bc6 14. b3 Bh6 15. Bxh6 Rxh6 16. a4 Ke7 17. Bb5 {½-½ (38) So,W (2778)-Aronian,L (2764) Leuven 2018}) 8... e5 {The position is equal.} 9. Re1 Nd7 10. a4 $146 ({Predecessor:} 10. Kc2 Bc5 11. Be3 Ke7 12. Rad1 Bxe3 13. Rxe3 Nb6 14. Nd2 Rd8 15. Bb3 a5 16. a3 a4 17. Ba2 Be6 18. Bxe6 Kxe6 19. Rh3 {½-½ (56) Andersen,J-Zjukin,S Aalborg 1991}) 10... a5 11. Kc2 Nb6 12. Bb3 Nd7 13. Bc4 Nb6 14. Bb3 Nd7 15. Bc4 1/2-1/2

[Event "Chinese Chess League 2019"]
[Site "Shen Yang"]
[Date "2019.12.06"]
[Round "21.28"]
[White "Lu, Shanglei"]
[Black "Dubov, Daniil"]
[Result "1/2-1/2"]
[WhiteElo "2611"]
[BlackElo "2690"]
[Annotator "TA"]
[PlyCount "83"]
[EventDate "2019.04.09"]
[EventType "team-tourn"]
[EventCountry "CHN"]
[SourceTitle "playchess.com"]
[Source "ChessBase"]
[SourceQuality "1"]

{[%evp 24,83,12,12,18,12,16,16,16,15,16,13,25,12,37,19,49,9,20,6,48,15,139,135,134,136,135,126,123,97,196,27,114,118,236,60,123,150,143,136,120,155,129,89,100,97,100,100,100,100,100,100,100,101,12837,0,166,165,746,-12839,-70,-29990]} 1. e4 c5 2. Nf3 Nc6 3. d4 cxd4 4. Nxd4 e5 5. Nb5 d6 6. N1c3 Nf6 7. Bg5 a6 8. Na3 b5 9. Nd5 Be7 10. Bxf6 Bxf6 11. c3 Rb8 12. Nc2 Bg5 13. a4 bxa4 {B33: Sicilian: Pelikan and Sveshnikov Variations} 14. Ncb4 Nxb4 15. cxb4 (15. Nxb4 Bd7 16. Bxa6 Qa5 17. Qxd6 Rb6 18. Qd3 Be6 19. O-O Be7 20. Bc4 Bxb4 21. Bxe6 Rxe6 22. cxb4 Qxb4 23. Qc2 {½-½ (43) Grischuk,A (2775)-Caruana,F (2819) Stavanger 2019}) 15... O-O {The position is equal.} 16. Rxa4 a5 17. h4 Bh6 18. b5 Bd7 19. Nc3 Rc8 {[#]} 20. Be2 $146 ({Predecessor:} 20. Bc4 Kh8 21. Qxd6 {½-½ (30) Obolenskikh,D (2540)-Frolyanov,D (2568) Pavlodar 2015}) 20... Be6 21. g3 Rc5 22. O-O d5 (22... g6 $11) 23. exd5 $16 ({But not} 23. Nxd5 $6 Bxd5 24. exd5 Rxd5 $14) 23... Bxd5 24. Bf3 Bxf3 25. Qxf3 f5 26. Rd1 $1 {[%cal Rd1d8]} Qb6 {[#]} (26... Qe8 $16 {was worth a try.}) 27. Rda1 $2 (27. Rc4 $1 $18 {[%mdl 512]} e4 (27... Rxc4 28. Qd5+) 28. Qe2 Rxc4 29. Qxc4+ Kh8 30. Qc6) 27... Bd2 (27... e4 $11 {remains equal.} 28. Qe2 f4) 28. Rxa5 Bxc3 (28... e4 $16 29. Qe2 (29. Qd1 e3 $14) 29... e3) 29. bxc3 $2 (29. Ra8 $1 $18 {[%cal Ra8f8] Strongly threatening Rxf8+.} Rxb5 30. Rxf8+ (30. Qxc3 Rc5 $16) 30... Kxf8 31. Qxf5+ (31. Qxc3 Rc5 $16) 31... Ke7 32. Qxh7 (32. bxc3 g6 $16)) 29... e4 (29... Rxb5 $14 30. Ra8 e4 31. Rxf8+ Kxf8 32. Ra8+ Ke7) 30. Qe2 $1 Rxc3 31. Qa2+ Kh8 32. Ra8 $1 {[%cal Ra8f8]} Rcc8 33. Rxc8 Rxc8 {[%mdl 4096] Endgame [#] KQR-KQR} 34. Qa6 $1 {[%mdl 512]} Qc5 35. b6 $36 {[%mdl 2048] White has strong initiative.} e3 36. b7 $1 {[%cal Rb7c8]} exf2+ 37. Kh2 Rg8 38. Qe6 $1 {aiming for Ra8!} Qc7 $2 {[%mdl 8192] [#]} (38... f1=N+ $16 39. Rxf1 Qb5) 39. Qd5 $2 ({Only move:} 39. Ra8 $1 $18 {[%csl Ge6][%cal Ra8g8][%mdl 512]} f1=N+ {[%mdl 64] Double Attack} 40. Kg1 $1 {[%mdl 512]} Qxg3+ {[%mdl 64] Double Attack} 41. Kxf1 Qd3+ 42. Ke1 Qg3+ 43. Ke2 $1 {[%mdl 512]} Qg4+ 44. Kd2 Qf4+ 45. Kd1 Qf3+ 46. Kc2 Qf2+ 47. Kc3 Qf3+ {[%mdl 64] Double Attack} 48. Kc4 Qf1+ 49. Kc5 Qc1+ 50. Kd6) 39... f4 $2 (39... Rb8 $1 $11) 40. Kg2 {And now Ra8! would win.} fxg3 $2 {[#]} (40... Rb8 41. Ra8 fxg3) 41. Qe6 $4 {[%mdl 8192]} (41. Ra8 $1 $18 {[%mdl 512]} Rb8 42. Rxb8+ Qxb8 43. Qd7) 41... Rb8 $2 ({Better is} 41... Qxb7+ $19 42. Kxg3 Rf8) 42. Ra8 $2 {[%mdl 40960] Accuracy: White = 49%, Black = 24%. . An unexpected result.} (42. Rb1 $15) 1/2-1/2

[Event "Chinese Chess League 2019"]
[Site "Shen Yang"]
[Date "2019.12.06"]
[Round "21.29"]
[White "Atalik, Ekaterina"]
[Black "Zhu, Jiner"]
[Result "0-1"]
[WhiteElo "2462"]
[BlackElo "2468"]
[Annotator "ChessBase"]
[PlyCount "58"]
[EventDate "2019.04.09"]
[EventType "team-tourn"]
[EventCountry "CHN"]
[SourceTitle "playchess.com"]
[Source "ChessBase"]
[SourceQuality "1"]
[TimeControl "5400+30"]

1. d4 {[%emt 0:00:00]} Nf6 {[%emt 0:00:00]} 2. Nf3 {[%emt 0:00:00]} e6 {[%emt 0:00:00]} 3. g3 {[%emt 0:00:11]} d5 {[%emt 0:00:27]} 4. Bg2 {[%emt 0:00:52]} Be7 {[%emt 0:00:14]} 5. c4 {[%emt 0:00:26]} O-O {[%emt 0:00:33]} 6. Nc3 {[%emt 0:00:36]} dxc4 {[%emt 0:01:56]} 7. Ne5 {[%emt 0:00:40]} Nc6 {[%emt 0:16:08]} 8. Bxc6 {[%emt 0:00:20]} bxc6 {[%emt 0:00:06]} 9. Nxc6 {[%emt 0:00:09]} Qe8 {[%emt 0:00:04]} 10. Nxe7+ {[%emt 0:00:14]} Qxe7 {[%emt 0:00:04]} 11. Qa4 {[%emt 0:00:14]} Bb7 {[%emt 0:09:07]} 12. O-O {[%emt 0:03:56]} e5 {[%emt 0:01:25]} 13. dxe5 {[%emt 0:06:32]} Ng4 {[%emt 0:02:02]} 14. Qxc4 {[%emt 0:05:54]} Nxe5 {[%emt 0:03:05]} 15. Qb3 {[%emt 0:07:30]} Rab8 {[%emt 0:00:51]} 16. Qc2 {[%emt 0:00:51]} Qe6 {[%emt 0:16:30]} 17. f3 {[%emt 0:07:19]} h5 {[%emt 0:04:47]} 18. Bg5 {[%emt 0:07:16]} Rfe8 {[%emt 0:08:57]} 19. Rad1 {[%emt 0:08:34]} Ng6 {[%emt 0:04:01]} 20. e4 {[%emt 0:09:29]} h4 {[%emt 0:03:25]} 21. Bc1 {[%emt 0:04:45]} Ba6 {[%emt 0:03:51]} 22. Rfe1 {[%emt 0:04:52]} Ne5 {[%emt 0:00:26]} 23. Re3 {[%emt 0:04:11]} Rbd8 {[%emt 0:06:03]} 24. g4 {[%emt 0:18:20]} c6 {[%emt 0:01:50]} 25. Kg2 {[%emt 0:02:51]} Qf6 {[%emt 0:00:24]} 26. Rxd8 {[%emt 0:05:33]} Rxd8 {[%emt 0:00:06]} 27. Ne2 {[%emt 0:00:45]} Bd3 {[%emt 0:01:53]} 28. Qc3 {[%emt 0:00:25]} Bxe2 {[%emt 0:01:01]} 29. Rxe2 {[%emt 0:00:53]} Rd3 {[%emt 0:00:07]} 0-1

[Event "Chinese Chess League 2019"]
[Site "Shen Yang"]
[Date "2019.12.06"]
[Round "21.30"]
[White "Ren, Xiaoyi"]
[Black "Ding, Yixin"]
[Result "1/2-1/2"]
[WhiteElo "2257"]
[BlackElo "2438"]
[Annotator "RC"]
[PlyCount "41"]
[EventDate "2019.04.09"]
[EventType "team-tourn"]
[EventCountry "CHN"]
[SourceTitle "playchess.com"]
[Source "ChessBase"]
[SourceQuality "1"]
[TimeControl "5400+30"]

1. d4 {[%emt 0:00:00]} Nf6 {[%emt 0:00:00]} 2. c4 {[%emt 0:00:00]} g6 {[%emt 0:00:00]} 3. Nc3 {[%emt 0:01:36]} d5 {[%emt 0:00:00]} 4. cxd5 {[%emt 0:00:46]} Nxd5 {[%emt 0:00:00]} 5. e4 {[%emt 0:00:04]} Nxc3 {[%emt 0:00:00]} 6. bxc3 {[%emt 0:00:03]} Bg7 {[%emt 0:00:00]} 7. Nf3 {[%emt 0:00:24]} c5 {[%emt 0:00:29]} 8. Bb5+ {[%emt 0:00:10]} Nc6 {[%emt 0:01:36]} 9. O-O {[%emt 0:03:02]} O-O {[%emt 0:06:27]} 10. Bxc6 {[%emt 0:00:13]} bxc6 {[%emt 0:00:02]} 11. Ba3 {[%emt 0:00:08]} cxd4 {[%emt 0:05:05]} 12. cxd4 {[%emt 0:00:32]} Bg4 {[%emt 0:03:03]} 13. Bc5 {[%emt 0:05:52]} Qd7 {[%emt 0:01:38]} 14. h3 {[%emt 0:02:07]} Bxf3 {[%emt 0:00:21]} 15. Qxf3 {[%emt 0:00:05]} Rfb8 {[%emt 0:01:31]} 16. e5 {[%emt 0:02:28]} e6 {[%emt 0:03:44]} 17. Bd6 {[%emt 0:06:22]} Rb6 {[%emt 0:01:35]} 18. Bc5 {[%emt 0:00:06]} Rbb8 {[%emt 0:02:45]} 19. Bd6 {[%emt 0:00:14]} Rb6 {[%emt 0:00:04]} 20. Bc5 {[%emt 0:00:04]} Rbb8 {[%emt 0:00:05]} 21. Bd6 {[%emt 0:00:08]} 1/2-1/2

[Event "Chinese Chess League 2019"]
[Site "Shen Yang"]
[Date "2019.12.07"]
[Round "22.1"]
[White "Wen, Yang"]
[Black "Xu, Minghui"]
[Result "1-0"]
[WhiteElo "2586"]
[BlackElo "2403"]
[Annotator "ChessBase"]
[PlyCount "99"]
[EventDate "2019.04.09"]
[EventType "team-tourn"]
[EventCountry "CHN"]
[SourceTitle "playchess.com"]
[Source "ChessBase"]
[SourceQuality "1"]
[TimeControl "5400+30"]

1. e4 {[%emt 0:00:00]} e5 {[%emt 0:00:32]} 2. Nf3 {[%emt 0:00:00]} Nc6 {[%emt 0:00:03]} 3. Bc4 {[%emt 0:00:00]} Bc5 {[%emt 0:00:07]} 4. c3 {[%emt 0:00:00]} Nf6 {[%emt 0:00:08]} 5. d3 {[%emt 0:00:00]} d6 {[%emt 0:00:17]} 6. O-O {[%emt 0:00:26]} a6 {[%emt 0:00:27]} 7. a4 {[%emt 0:00:09]} h6 {[%emt 0:02:24]} 8. Nbd2 {[%emt 0:01:41]} O-O {[%emt 0:00:43]} 9. h3 {[%emt 0:00:36]} Ba7 {[%emt 0:00:38]} 10. Re1 {[%emt 0:00:09]} Nh5 {[%emt 0:02:32]} 11. Nf1 {[%emt 0:08:31]} Qf6 {[%emt 0:00:11]} 12. Ne3 {[%emt 0:01:37]} Nf4 {[%emt 0:00:32]} 13. Ng4 {[%emt 0:00:34]} Qg6 {[%emt 0:01:43]} 14. Bxf4 {[%emt 0:00:11]} exf4 {[%emt 0:01:22]} 15. d4 {[%emt 0:00:51]} Bxg4 {[%emt 0:05:55]} 16. hxg4 {[%emt 0:00:06]} Qxg4 {[%emt 0:00:05]} 17. a5 {[%emt 0:10:54]} Rab8 {[%emt 0:24:14]} 18. b4 {[%emt 0:05:46]} Ne7 {[%emt 0:05:51]} 19. Qd3 {[%emt 0:02:09]} c6 {[%emt 0:03:54]} 20. Re2 {[%emt 0:00:32]} Rbe8 {[%emt 0:02:54]} 21. Rae1 {[%emt 0:00:30]} Bb8 {[%emt 0:00:53]} 22. e5 {[%emt 0:11:01]} d5 {[%emt 0:00:51]} 23. Bb3 {[%emt 0:00:07]} g6 {[%emt 0:16:21]} 24. Bc2 {[%emt 0:07:14]} Nf5 {[%emt 0:04:01]} 25. Nh2 {[%emt 0:06:48]} Qg5 {[%emt 0:02:27]} 26. Qh3 {[%emt 0:01:47]} Ng7 {[%emt 0:05:38]} 27. Nf3 {[%emt 0:19:18]} Qh5 {[%emt 0:00:36]} 28. Qd7 {[%emt 0:00:05]} Ne6 {[%emt 0:05:35]} 29. Qxb7 {[%emt 0:00:08]} g5 {[%emt 0:00:15]} 30. Qxa6 {[%emt 0:00:13]} g4 {[%emt 0:01:56]} 31. Qd3 {[%emt 0:00:08]} Ng5 {[%emt 0:00:05]} 32. Nxg5 {[%emt 0:11:17]} hxg5 {[%emt 0:00:07]} 33. Qf5 {[%emt 0:00:06]} Re6 {[%emt 0:07:30]} 34. f3 {[%emt 0:00:08]} g3 {[%emt 0:03:28]} 35. Qh3 {[%emt 0:00:10]} Qxh3 {[%emt 0:02:15]} 36. gxh3 {[%emt 0:00:01]} Re7 {[%emt 0:00:26]} 37. Bf5 {[%emt 0:00:26]} Bc7 {[%emt 0:00:30]} 38. Kg2 {[%emt 0:00:07]} Kg7 {[%emt 0:00:04]} 39. Ra2 {[%emt 0:02:09]} Bb8 {[%emt 0:00:47]} 40. Rb1 {[%emt 0:00:37]} Ba7 {[%emt 0:00:10]} 41. Raa1 {[%emt 0:04:51]} Rb8 {[%emt 0:00:15]} 42. Re1 {[%emt 0:04:08]} Rc7 {[%emt 0:00:49]} 43. Rab1 {[%emt 0:00:08]} Re7 {[%emt 0:00:43]} 44. h4 gxh4 45. Rh1 {[%emt 0:01:49]} Kh6 {[%emt 0:01:05]} 46. Rxh4+ {[%emt 0:00:55]} Kg5 {[%emt 0:00:06]} 47. Rbh1 {[%emt 0:00:04]} Kxf5 {[%emt 0:00:46]} 48. Rh6 {[%emt 0:00:10]} f6 {[%emt 0:00:26]} 49. Rxf6+ {[%emt 0:00:55]} Kg5 {[%emt 0:00:04]} 50. Rfh6 {[%emt 0:00:10]} 1-0

[Event "Chinese Chess League 2019"]
[Site "Shen Yang"]
[Date "2019.12.07"]
[Round "22.2"]
[White "Liu, Qingnan"]
[Black "Zvjaginsev, Vadim"]
[Result "1/2-1/2"]
[WhiteElo "2535"]
[BlackElo "2626"]
[Annotator "TA"]
[PlyCount "60"]
[EventDate "2019.04.09"]
[EventType "team-tourn"]
[EventCountry "CHN"]
[SourceTitle "playchess.com"]
[Source "ChessBase"]
[SourceQuality "1"]

{[%evp 23,60,33,36,0,0,0,0,-15,-15,-13,-10,-10,-9,-6,-12,-19,0,0,0,-2,0,0,0,0,0,0,0,0,0,0,0,0,0,0,0,0,0,0,0]} 1. e4 e5 2. Nf3 Nc6 3. Nc3 Nf6 4. d4 exd4 5. Nxd4 Bb4 6. Nxc6 bxc6 7. Bd3 O-O 8. O-O Re8 9. Bg5 h6 10. Bh4 d5 11. exd5 Bxc3 12. bxc3 cxd5 13. Rb1 {C47: Scotch Four Knights and Four Knights with 4 g3} (13. Re1 Rxe1+ 14. Qxe1 Be6 15. Rd1 c6 16. c4 Rb8 17. Qe5 Rc8 18. cxd5 cxd5 19. Qd4 Qe7 20. Bxf6 Qxf6 21. Qxa7 {1-0 (39) Golubev,M (2526)-Fedorchuk,S (2490) Ordzhonikidze 2001}) 13... Qd6 {The position is equal.} 14. Bxf6 $146 ({Predecessor:} 14. Bg3 Qc5 15. h3 Ne4 16. Rb5 Qd6 17. Rb3 Qc5 18. Bf4 Bf5 19. Qf3 Bg6 20. h4 Nxc3 {0-1 (60) Kilic,E (1890)-Kavri,Y (1624) Konya 2018}) 14... Qxf6 15. c4 dxc4 16. Bxc4 Ba6 17. Bxa6 Qxa6 18. Qd5 Rad8 19. Qb7 Qxa2 20. Qxc7 Rc8 21. Qd7 Red8 22. Ra1 Rxd7 23. Rxa2 $11 {[%mdl 4096] Endgame KRR-KRR} Rd2 24. Rxa7 Rdxc2 25. g3 Rc1 26. Rxc1 Rxc1+ 27. Kg2 g6 28. h4 Kg7 29. Rb7 h5 30. Ra7 Kf6 {Accuracy: White = 70%, Black = 84%.} 1/2-1/2

[Event "Chinese Chess League 2019"]
[Site "Shen Yang"]
[Date "2019.12.07"]
[Round "22.3"]
[White "Zhao, Jun"]
[Black "Lu, Shanglei"]
[Result "1/2-1/2"]
[WhiteElo "2641"]
[BlackElo "2611"]
[Annotator "TA"]
[PlyCount "36"]
[EventDate "2019.04.09"]
[EventType "team-tourn"]
[EventCountry "CHN"]
[SourceTitle "playchess.com"]
[Source "ChessBase"]
[SourceQuality "1"]

{[%evp 14,36,25,15,36,16,33,15,4,0,0,0,0,0,0,0,0,0,0,0,0,0,0,0,0]} 1. e4 e5 2. Nf3 Nc6 3. Bc4 Nf6 4. Ng5 d5 5. exd5 Na5 6. Bb5+ c6 7. dxc6 bxc6 8. Bd3 Nd5 {C58: Two Knights: 4 Ng5 d5 5 exd5 Na5 sidelines} 9. h4 (9. Nf3 Bd6 10. O-O Nf4 11. Nc3 Nxd3 12. cxd3 O-O 13. b3 c5 14. Ba3 Nc6 15. Ne4 Nb4 16. Bxb4 cxb4 {½-½ (43) Aronian,L (2765)-Ding,L (2805) Saint Louis 2019}) 9... Qc7 10. Nc3 h6 {The position is equal.} 11. Nxd5 cxd5 12. Qh5 Bc5 $1 13. Nxf7 $146 ({Predecessor:} 13. c3 Nc6 14. O-O e4 15. Nxe4 dxe4 16. Bxe4 {0-1 (36) Kazoks,A (2341)-Prozorovskij,V (2347) ICCF email 2016}) 13... O-O ({Not} 13... Qxf7 $2 14. Bg6 $18) 14. Nxe5 {[#] Black must now prevent 0-0.} Rf5 15. Qe8+ Rf8 16. Qh5 Rf5 17. Qe8+ Rf8 18. Qh5 {[#] Hoping for 0-0.} Rf5 1/2-1/2

[Event "Chinese Chess League 2019"]
[Site "Shen Yang"]
[Date "2019.12.07"]
[Round "22.4"]
[White "Zhu, Jiner"]
[Black "Yan, Tianqi"]
[Result "1-0"]
[WhiteElo "2468"]
[BlackElo "2240"]
[Annotator "ChessBase"]
[PlyCount "109"]
[EventDate "2019.04.09"]
[EventType "team-tourn"]
[EventCountry "CHN"]
[SourceTitle "playchess.com"]
[Source "ChessBase"]
[SourceQuality "1"]
[TimeControl "5400+30"]

1. e4 {[%emt 0:00:00]} c5 {[%emt 0:00:00]} 2. Nf3 {[%emt 0:00:00]} e6 {[%emt 0:00:00]} 3. d4 {[%emt 0:00:00]} cxd4 {[%emt 0:00:02]} 4. Nxd4 {[%emt 0:00:00]} a6 {[%emt 0:00:12]} 5. Bd3 {[%emt 0:00:00]} Nc6 {[%emt 0:00:07]} 6. Nxc6 {[%emt 0:00:03]} dxc6 {[%emt 0:00:06]} 7. O-O {[%emt 0:00:11]} e5 {[%emt 0:01:10]} 8. Nd2 {[%emt 0:01:42]} Qc7 {[%emt 0:00:49]} 9. a4 {[%emt 0:00:08]} Nf6 {[%emt 0:01:02]} 10. Nc4 {[%emt 0:00:18]} Be6 {[%emt 0:08:23]} 11. Qf3 {[%emt 0:03:53]} Bd6 {[%emt 0:19:28]} 12. Be3 {[%emt 0:08:07]} O-O {[%emt 0:02:26]} 13. a5 {[%emt 0:00:30]} Nd7 {[%emt 0:03:10]} 14. Qg3 {[%emt 0:07:36]} Kh8 {[%emt 0:03:53]} 15. Rfd1 {[%emt 0:01:24]} Rad8 {[%emt 0:15:31]} 16. c3 {[%emt 0:09:19]} Be7 {[%emt 0:10:25]} 17. Bf1 {[%emt 0:05:33]} f6 {[%emt 0:02:03]} 18. f3 {[%emt 0:00:13]} Nc5 {[%emt 0:03:45]} 19. b4 {[%emt 0:01:13]} Nd7 {[%emt 0:00:35]} 20. Rdb1 {[%emt 0:03:34]} Ra8 {[%emt 0:05:53]} 21. Nb6 {[%emt 0:02:10]} Rab8 {[%emt 0:03:28]} 22. Qf2 {[%emt 0:02:52]} h6 {[%emt 0:05:35]} 23. Rd1 {[%emt 0:02:31]} Rbd8 {[%emt 0:00:58]} 24. Qb2 {[%emt 0:04:51]} Nb8 {[%emt 0:03:26]} 25. Re1 {[%emt 0:04:30]} Nd7 {[%emt 0:01:07]} 26. Bc4 {[%emt 0:02:06]} Qd6 {[%emt 0:04:14]} 27. Qa2 {[%emt 0:13:42]} Bxc4 {[%emt 0:00:10]} 28. Qxc4 {[%emt 0:00:04]} Nxb6 {[%emt 0:01:24]} 29. Bxb6 {[%emt 0:00:05]} Rd7 {[%emt 0:01:46]} 30. Qb3 {[%emt 0:02:50]} Qb8 {[%emt 0:00:18]} 31. Rad1 {[%emt 0:00:05]} Bd6 {[%emt 0:02:55]} 32. Re3 {[%emt 0:03:33]} Rdf7 {[%emt 0:00:44]} 33. Red3 {[%emt 0:00:27]} Be7 {[%emt 0:00:02]} 34. Rd7 {[%emt 0:00:26]} Qe8 {[%emt 0:01:17]} 35. Kh1 {[%emt 0:01:07]} f5 {[%emt 0:00:27]} 36. exf5 {[%emt 0:00:15]} Rxf5 {[%emt 0:00:13]} 37. Qe6 {[%emt 0:01:16]} Bg5 {[%emt 0:00:51]} 38. Qxe8 {[%emt 0:00:07]} Rxe8 {[%emt 0:00:02]} 39. Rxb7 {[%emt 0:00:08]} e4 {[%emt 0:00:08]} 40. fxe4 {[%emt 0:00:10]} Rxe4 {[%emt 0:00:03]} 41. Bd4 {[%emt 0:00:18]} Bf6 {[%emt 0:01:12]} 42. Bxf6 {[%emt 0:03:42]} Rxf6 {[%emt 0:00:01]} 43. h3 {[%emt 0:00:16]} Rc4 {[%emt 0:01:30]} 44. Rd3 {[%emt 0:00:13]} c5 {[%emt 0:00:30]} 45. Rg3 {[%emt 0:00:55]} cxb4 {[%emt 0:00:22]} 46. cxb4 {[%emt 0:00:07]} g5 {[%emt 0:00:38]} 47. Rd3 {[%emt 0:00:10]} Rc8 {[%emt 0:00:35]} 48. Rdd7 {[%emt 0:00:06]} Kg8 {[%emt 0:00:21]} 49. Kh2 {[%emt 0:00:09]} Re8 {[%emt 0:00:21]} 50. Rg7+ {[%emt 0:01:02]} Kf8 {[%emt 0:00:24]} 51. Rh7 {[%emt 0:00:19]} Kg8 {[%emt 0:00:07]} 52. Rbg7+ {[%emt 0:00:04]} Kf8 {[%emt 0:00:03]} 53. Ra7 {[%emt 0:00:06]} Kg8 {[%emt 0:00:05]} 54. Rhb7 {[%emt 0:00:08]} Re4 {[%emt 0:01:26]} 55. Ra8+ {[%emt 0:00:12]} 1-0

[Event "Chinese Chess League 2019"]
[Site "Shen Yang"]
[Date "2019.12.07"]
[Round "22.5"]
[White "Ding, Yixin"]
[Black "Ning, Kaiyu"]
[Result "1/2-1/2"]
[WhiteElo "2438"]
[BlackElo "2330"]
[Annotator "NA"]
[PlyCount "83"]
[EventDate "2019.04.09"]
[EventType "team-tourn"]
[EventCountry "CHN"]
[SourceTitle "playchess.com"]
[Source "ChessBase"]
[SourceQuality "1"]
[TimeControl "5400+30"]

1. Nf3 {[%emt 0:00:00]} d5 {[%emt 0:00:00]} 2. g3 {[%emt 0:00:00]} Bg4 {[%emt 0:00:00]} 3. Bg2 {[%emt 0:00:00]} c6 {[%emt 0:00:00]} 4. c4 {[%emt 0:00:00]} Nf6 {[%emt 0:00:00]} 5. cxd5 {[%emt 0:02:19]} Bxf3 {[%emt 0:00:30]} 6. Bxf3 {[%emt 0:00:06]} cxd5 {[%emt 0:00:04]} 7. O-O {[%emt 0:05:26]} Nc6 {[%emt 0:00:43]} 8. d4 {[%emt 0:00:38]} e6 {[%emt 0:00:03]} 9. Nc3 {[%emt 0:00:25]} Be7 {[%emt 0:15:53] A11: English Opening: 1...c6} 10. b3 {[%emt 0:03:59]} (10. e3 Rc8 11. Bd2 O-O 12. Qe2 Ne8 13. Rfd1 Nd6 14. Rac1 Qd7 15. Be1 f5 16. Bg2 Bf6 17. Na4 {1-0 (71) Karjakin,S (2760)-Sevian,S (2654) Khanty-Mansiysk 2019}) 10... O-O {[%emt 0:00:07]} 11. Bb2 {[%emt 0:00:12]} Rc8 {[%emt 0:02:42]} 12. e3 {[%emt 0:01:04]} a6 {[%emt 0:03:02]} 13. Qe2 {[%emt 0:08:52]} b5 {[%emt 0:06:03]} 14. Rfc1 {[%emt 0:01:30]} Qb6 {[%emt 0:04:58]} 15. Bg2 {[%emt 0:13:36]} Rc7 {[%emt 0:01:02] [#]} 16. Bf1 $146 {[%emt 0:00:20]} ({Predecessor:} 16. g4 Rfc8 17. g5 {0-1 (44) Ftacnik,L (2558)-Azarov,S (2635) Czechia 2015}) 16... Nd7 {[%emt 0:05:44]} 17. Qd1 {[%emt 0:12:46]} f5 {[%emt 0:04:17]} 18. a4 {[%emt 0:07:29]} b4 {[%emt 0:00:06]} 19. Ne2 {[%emt 0:00:04]} g5 {[%emt 0:03:02]} 20. Rc2 {[%emt 0:01:41]} Rfc8 {[%emt 0:00:06]} 21. Nc1 {[%emt 0:03:11]} Nf6 {[%emt 0:10:29]} 22. Nd3 {[%emt 0:00:42]} Ne4 {[%emt 0:00:45]} 23. Rac1 {[%emt 0:05:12]} g4 {[%emt 0:00:08]} 24. Nf4 {[%emt 0:03:56]} Ng5 {[%emt 0:04:02]} 25. h4 {[%emt 0:02:19]} gxh3 {[%emt 0:03:11]} 26. Nxh3 {[%emt 0:00:05]} Nxh3+ {[%emt 0:00:34]} 27. Bxh3 {[%emt 0:00:02]} Bd6 {[%emt 0:01:23]} 28. g4 {[%emt 0:04:26]} Ne7 {[%emt 0:03:05]} 29. gxf5 {[%emt 0:00:15]} exf5 {[%emt 0:01:22]} 30. Rxc7 {[%emt 0:03:38]} Rxc7 {[%emt 0:00:02]} 31. Qh5 {[%emt 0:02:56]} Rxc1+ {[%emt 0:01:10]} 32. Bxc1 {[%emt 0:00:01]} Qc6 {[%emt 0:00:30]} 33. Bb2 {[%emt 0:01:36]} Qc2 {[%emt 0:01:22] Double Attack} 34. Qe8+ $19 {[%emt 0:00:08]} Kg7 {[%emt 0:00:04]} 35. Qd7 {[%emt 0:00:04]} Bh2+ {[%emt 0:10:01]} 36. Kxh2 {[%emt 0:03:59]} Qxf2+ {[%emt 0:02:03]} 37. Kh1 {[%emt 0:03:03]} Kf7 {[%emt 0:00:18]} 38. Bg2 {[%emt 0:00:06]} Qh4+ {[%emt 0:00:13]} 39. Kg1 {[%emt 0:00:03]} Qe1+ {[%emt 0:00:03]} 40. Kh2 {[%emt 0:01:00]} Qh4+ {[%emt 0:00:04]} 41. Kg1 {[%emt 0:00:10]} Qe1+ {[%emt 0:00:08]} 42. Kh2 {[%emt 0:00:19]} 1/2-1/2